000
00251nam a2200109Ia 4500
005
20251222142026.0
008
251222s9999||||xx |||||||||||||| ||spa||
082
_a
869.56/I59G
245
0
_a
El Gaviota y Otros Cuentos
264
_b
CEAPAZ
942
_c
LIB
999
_c
10804
_d
10804